00363nam a2200121 a 4500008004100000050001500041100002700056245003000083246005700113260004700170300001500217350000900232120416s1967 ||||||||||||||||| || u aTS 155 Woo aWoodward, Robert Henry10aCumulative sum techniques amathematical and statistical techniques for industry aLondonbImperial Chemical Industriesc1967 aviii, 66p. a0.00